ბათუმის შოთა რუსთაველის სახელმწიფო უნივერსიტეტის ბიბლიოთეკა

Общий курс физики. Термодинамика и молекулярная физика. (ბიბ.ჩანაწერი № 37162)

000 -LEADER
fixed length control field 00652nam a2200229Ia 4500
001 - CONTROL NUMBER
control field 3118
003 - CONTROL NUMBER IDENTIFIER
control field GE_BSU
008 - FIXED-LENGTH DATA ELEMENTS--GENERAL INFORMATION
fixed length control field 181216s||||||||xx |||||||||||||| ||und||
040 ## - CATALOGING SOURCE
Transcribing agency GE_BSU
080 ## - UNIVERSAL DECIMAL CLASSIFICATION NUMBER
Universal Decimal Classification number 530.1(075.8)
100 ## - MAIN ENTRY--PERSONAL NAME
Personal name Сивухин,Д.В.
245 ## - TITLE STATEMENT
Title Общий курс физики. Термодинамика и молекулярная физика.
245 ## - TITLE STATEMENT
Remainder of title Учебник.
245 ## - TITLE STATEMENT
Statement of responsibility, etc. Ред. Б.А.Миртов.
250 ## - EDITION STATEMENT
Edition statement Изд второе, испр.
260 ## - PUBLICATION, DISTRIBUTION, ETC.
Place of publication, distribution, etc. М.
260 ## - PUBLICATION, DISTRIBUTION, ETC.
Name of publisher, distributor, etc. Наука.
260 ## - PUBLICATION, DISTRIBUTION, ETC.
Date of publication, distribution, etc. 1979.
300 ## - PHYSICAL DESCRIPTION
Extent 552 стр. 22 см.
653 ## - INDEX TERM--UNCONTROLLED
Uncontrolled term Общий курс физики.
942 ## - ADDED ENTRY ELEMENTS (KOHA)
Koha item type წიგნი
ეგზემპლარები
Withdrawn status Lost status Damaged status Not for loan Date acquired Barcode Date last seen Price effective from Koha item type
        2018-12-17 8760 2018-12-17 2018-12-17 წიგნი